000 01004nam a2200253Ia 4500
003 OSt
005 20220923220929.0
006 a|||||r|||| 00| 0
007 ta
008 220922b |||||||| |||| 00| 0 hin d
024 _a192,372
037 _cTextual
040 _aARTS
_cARTS
_bhin
041 _2hin
_ahin
082 _aT4:3(P152)p2,N64, 152K6
100 _aवर्मा, राम कुमार; स्नातक, विजन्येद्र
_9164837
245 0 _aस्नातकोत्तर हिन्दी शिक्षणकीय शिविर
246 _aSnātakottar hindī shikṣhaṇakīya shivira
260 _aप्रयाग
_b विश्वविद्यालाय
_c1966
300 _a245पृ.
_ccm.
650 _aशिक्षण
_9156320
942 _hT4:3(P152)p2,N64, 152K6
_cTEXL
_2CC
999 _c344992
_d344992